00448naa a2200169 450000500170000001000130001702000260003003500130005603700100006908200090007910000180008824500380010625000140014426000460015827000530020430000210025720110901121316.0 aG-001309 c200.00a9788125919025 aG-001309 bGift  a336  aBhatia, H.L.  aPublic finance /cby H.L. Bhatia  a25th ed.  aNew Delhi bVikas Publishing House c2006 a576, Masjid Road, Jangpura, bNew Delhi e110014 axiii, 726pc24cm